000 00410nam a22001337a 4500
020 _qPB.
040 _cFIIZZA ISHAQ
082 _a346.730
_bDON
100 _aDONNELLEY ,FINANCIAL RR.
_9132209
245 _aSEC Handbook Securities Exchange Act of 1934 with The Rules and Forms Under That Act /
_cRR DONNELLEY FINANCIAL.
260 _bRR DONNELLEY FINANCIAL
_c2002.
300 _a1002 p. ;
942 _2ddc
_cBK
999 _c615469
_d615469